|
|
|
|
| LEADER |
02217nam a2200517 a 4500 |
| 001 |
nkc20091929001 |
| 003 |
CZ PrNK |
| 005 |
20231213152931.0 |
| 007 |
ta |
| 008 |
090507s2009 xr a f p 001 0 cze d |
| 015 |
|
|
|a cnb001929001
|
| 020 |
|
|
|a 978-80-7325-180-2
|q (váz.) :
|c Kč 798,00
|
| 020 |
|
|
|a 978-80-7325-223-6
|q (dotisk ;
|q brož.) :
|c Kč 598,00
|
| 035 |
|
|
|a (OCoLC)428367998
|
| 040 |
|
|
|a ABA001
|b cze
|d OLA001
|
| 072 |
|
7 |
|a 339.7/.9
|x Světová ekonomika a mezinárodní finance
|2 Konspekt
|9 4
|
| 072 |
|
7 |
|a 37.016
|x Učební osnovy. Vyučovací předměty. Učebnice
|2 Konspekt
|9 22
|
| 080 |
|
|
|a [339.923+327](4)
|2 MRF
|
| 080 |
|
|
|a (048.8)
|2 MRF
|
| 080 |
|
|
|a (075)
|2 MRF
|
| 100 |
1 |
|
|a Fiala, Petr,
|d 1964 září 1.-
|7 jn19981001090
|4 aut
|
| 245 |
1 |
0 |
|a Evropská unie /
|c Petr Fiala, Markéta Pitrová
|
| 250 |
|
|
|a 2., dopl. a aktualiz. vyd.
|
| 260 |
|
|
|a Brno :
|b Centrum pro studium demokracie a kultury,
|c 2009
|
| 300 |
|
|
|a 803 s. :
|b il. ;
|c 24 cm
|
| 500 |
|
|
|a Dotisk v r. 2010
|
| 504 |
|
|
|a Obsahuje bibliografii, bibliografické odkazy a rejstřík
|
| 610 |
2 |
7 |
|a Evropská unie
|7 kn20010711086
|2 czenas
|
| 610 |
2 |
7 |
|a Evropská společenství
|7 kn20010711088
|2 czenas
|
| 650 |
0 |
7 |
|a evropská integrace
|7 ph137464
|2 czenas
|
| 650 |
0 |
9 |
|a European integration
|2 eczenas
|
| 655 |
|
7 |
|a monografie
|7 fd132842
|2 czenas
|
| 655 |
|
7 |
|a učebnice
|7 fd133770
|2 czenas
|
| 655 |
|
9 |
|a monographs
|2 eczenas
|
| 655 |
|
9 |
|a textbooks
|2 eczenas
|
| 700 |
1 |
|
|a Pitrová, Markéta,
|d 1973-
|7 jo2001100090
|4 aut
|
| 856 |
4 |
1 |
|u http://www.digitalniknihovna.cz/mzk/uuid/uuid:d6237580-970b-11e4-94a8-005056827e51
|y Digitalizovaný dokument
|x NDK
|
| 910 |
2 |
|
|a BOA001
|b 2-1224.861
|
| 928 |
9 |
|
|a CDK
|
| 990 |
|
|
|a BK
|
| 995 |
|
|
|a 01
|
| 991 |
|
|
|b 200906
|c NOV
|j 061.1 EU
|
| 996 |
6 |
|
|b 2610380505
|c 2-1224.861
|l MZK
|r Sklad / do 1 hodiny
|n 52
|p p.v.
|w 000945437
|u 000010
|a 1
|e BOA001
|j MZK50
|s P
|
| 996 |
7 |
|
|b 2610391573
|c 2-1224.861
|l Vol.výběr
|r VV 0p
|n 74
|p kup
|h 06 FIA
|w 000945437
|u 000020
|a 0
|e BOA001
|j MZK50
|s A
|
| 996 |
7 |
|
|b 2610451613
|c 2-1224.861
|l Vol.výběr
|r VV 0p
|n 64
|p p.v.
|h 06 FIA
|w 000945437
|u 000030
|a 0
|e BOA001
|j MZK50
|s A
|
| 996 |
7 |
|
|b 2610451830
|c 2-1224.861
|l Vol.výběr
|r VV 0p
|n 70
|p kup
|h 06 FIA
|w 000945437
|u 000040
|a 0
|e BOA001
|j MZK50
|s A
|